World capitals by population - Statistics

General Stats
  • This quiz has been taken 56 times
  • The average score is 58 of 195
Answers on the Map
Answers color-coded by a green-red scale on the quiz's map according to % correct below.
 
Answer Stats
Answer Population Letter % Correct
Beijing 21.5M B
100%
Jakarta 10.5M J
91%
Tokyo 14.1M T
86%
Kinshasa 12.6M K
77%
Moscow 13.1M M
77%
Cairo 10.1M C
74%
London 9M L
74%
Mexico City 9.2M M
74%
Seoul 9.5M S
71%
Bangkok 8.3M B
66%
Dhaka 8.9M D
66%
Hanoi 8M H
63%
Lima 8.8M L
63%
Tehran 8.6M T
63%
Riyadh 7.6M R
57%
Ankara 5.7M A
54%
Bogota 7.1M B
54%
Berlin 3.6M B
51%
Buenos Aires 2.8M B
51%
Nairobi 4.3M N
51%
Quito 2.8 Q
51%
Santiago 6.3M S
51%
SIngapore 5.4M S
51%
Brasília 2.6M B
49%
Cape Town 4.6M C
49%
Paris 2.1M P
49%
Addis Ababa 3M A
46%
Yaoundé 2.7M Y
46%
Khartoum 2.6M K
43%
Madrid 3.3M M
43%
Warsaw 1.8M W
43%
Algiers 3.9M A
40%
Amman 4M A
40%
Kabul 4.6M K
40%
Kiev 2.9M K
40%
Kuala Lumpur 1.7M K
40%
Manila 1.8M M
40%
Pyongyang 2.8M P
40%
Rome 2.7M R
40%
Ulaanbaatar 1.4M U
40%
Washington, D.C. 670K W
40%
Bamako 1.8M B
37%
Brazzaville 1.6M B
37%
Bucharest 1.7M B
37%
Budapest 1.7M B
37%
Caracas 2.2M C
37%
Guatemala City 2.9M G
37%
Havana 2.1M H
37%
Kampala 1.6M K
37%
Lusaka 2.7M L
37%
Ottawa 1M O
37%
Ouagadougou 2.4M O
37%
Phnom Penh 2.2M P
37%
Tashkent 2.8M T
37%
Accra 2.3M A
34%
Amsterdam 905K A
34%
Bagdad 7.6M B
34%
Dakar 1.4M D
34%
Damascus 2M D
34%
Harare 2.1M H
34%
Jerusalem 936K J
34%
Kuwait City 2.9M K
34%
Luanda 2.5M L
34%
Mogadishu 2.3M M
34%
Prague 1.3M P
34%
Sanaa 2.5M S
34%
Taipei 2.6M T
34%
Vienna 1.9M V
34%
Antananarivo 1.2M A
31%
Dublin 588K D
31%
Helsinki 658K H
31%
Islamabad 1M I
31%
Kathmandu 845K K
31%
La Paz 1.8M L
31%
Niamey 1.3M N
31%
Oslo 697K O
31%
Yerevan 1M Y
31%
Abuja 1.2M A
29%
Athens 637K A
29%
Baku 2.3M B
29%
Belgrade 1.6M B
29%
Conakry 1.6M C
29%
Doha 1.1M D
29%
Freetown 1M F
29%
Kigali 1.1M K
29%
Lisbon 509K L
29%
Minsk 1.9M M
29%
Montevideo 1.3M M
29%
Pretoria 2.9M P
29%
Stockholm 978K S
29%
Vientiane 927K V
29%
Zagreb 769K Z
29%
Apia 41K A
26%
Astana 1.2M A
26%
Copenhagen 638K C
26%
Lomé 837K L
26%
Port-au-Prince 987K P
26%
Santo Domingo 1.1M S
26%
Tbilisi 1.2M T
26%
Tegucigalpa 1.4M T
26%
Abu Dhabi 1M A
23%
Andorra la Vella 22K A
23%
Bangui 889K B
23%
Canberra 431K C
23%
Dili 277K D
23%
Funafuti 6K F
23%
Juba 525K J
23%
Maputo 1.1M M
23%
Naypyidaw 1.1M N
23%
Port Moresby 364K P
23%
Reykjavík 133K R
23%
Riga 605K R
23%
Vaduz 5K V
23%
Valletta 5K V
23%
Wellington 217K W
23%
Windhoek 431K W
23%
Yamoussoukro 361K Y
23%
Ashgabat 791K A
20%
Asmara 963K A
20%
Asunción 521K A
20%
Castries 20K C
20%
Dushanbe 863K D
20%
Honiara 92K H
20%
Malé 133K M
20%
Managua 1M M
20%
Monrovia 1M M
20%
N'Djamena 916K N
20%
Nukuʻalofa 27K N
20%
Panama City 880K P
20%
Port Vila 51K P
20%
Rabat 577K R
20%
Roseau 14K R
20%
San Salvador 570K S
20%
Sucre 360K S
20%
Suva 93K S
20%
Tunis 638K T
20%
Victoria 26K V
20%
Vilnius 576K V
20%
Basseterre 14K B
17%
Beirut 361K B
17%
Bishkek 1M B
17%
Bratislava 440K B
17%
Dodoma 410K D
17%
Kingston 662K K
17%
Libreville 703K L
17%
Lilongwe 989K L
17%
Ljubljana 285K L
17%
Luxembourg City 124K L
17%
Majuro 27K M
17%
Monaco 38K M
17%
Ngerulmud 0 N
17%
Nicosia 326K N
17%
Nouakchott 1.1M N
17%
Paramaribo 240K P
17%
Praia 159K P
17%
San José 342K S
17%
Sarajevo 275K S
17%
Sofia 1.3M S
17%
St. John's 22K S
17%
Tripoli 1.1M T
17%
Bandar Seri Begawan 100K B
14%
Bissau 492K B
14%
Chişinău 779K C
14%
Georgetown 118K G
14%
Kingstown 12K K
14%
Maseru 330K M
14%
Muscat 1.2M M
14%
Nassau 274K N
14%
New Delhi 249K N
14%
Palikir 6K P
14%
Podgorica 190K P
14%
Port Louis 147K P
14%
Port of Spain 37K P
14%
Pristina 198K P
14%
Tallinn 438K T
14%
Tarawa 70K T
14%
Tirana 557K T
14%
Banjul 73K B
11%
Belmopan 20K B
11%
Bern 134K B
11%
Bloemfontein 556K B
11%
Bridgetown 110K B
11%
Gitega 135K G
11%
Malabo 297K M
11%
Manama 200K M
11%
Mbabane 94K M
11%
Porto-Novo 264K P
11%
São Tomé 71K S
11%
Sri Jayawardenepura Kotte 107K S
11%
St. George's 33K S
11%
Thimphu 114K T
11%
Brussels 187K B
9%
Djibouti City 604K D
9%
Moroni 111K M
9%
San Marino City 4K S
6%
No matching quizzes found
Score Distribution
Percent of People with Each Score
Percentile by Number Answered
Your Score History
You have not taken this quiz